Normal view
MARC view
- Wan Ramli Wan Mohamad
Entry Personal Name
001 - CONTROL NUMBER
- control field: 4683
003 - CONTROL NUMBER IDENTIFIER
- control field: OSt
005 - DATE AND TIME OF LATEST TRANSACTION
- control field: 20170515160004.0
008 - FIXED-LENGTH DATA ELEMENTS
- fixed length control field: 170515|| aca||aabn | a|a d
040 ## - CATALOGING SOURCE
- Original cataloging agency: OSt
- Transcribing agency: OSt
100 ## - HEADING--PERSONAL NAME
- Personal name: Wan Ramli Wan Mohamad
670 ## - SOURCE DATA FOUND
- Source citation: Work cat.: (OSt): Aziz Deraman, 1948- 4682, Adat dan pantang larang orang Melayu /, 1995

PORTAL AKMAL
E-MEL JKDM
AKMAL2U
G-BAM
u-PUSTAKA